00351nam a22001217a 4500020001800000082001400018100002100032245005200053250000800105260003700113300000800150650007100158 a9789694949765 a495.18242 aHasan Javed Syed aChinese made easy:spoken chinese in 100 lessons a2nd aIslamabadbParamount Booksc2014 a187 aChinese language-study and teaching-urdu speakers-english speakers